000 00657nam a2200241Ia 4500
003 OSt
005 20220918182348.0
006 a|||||r|||| 00| 0
007 ta
008 220917b |||||||| |||| 00| 0 eng d
024 _a32,103
037 _cTextual
040 _aARTS
_cARTS
_beng
041 _2eng
_aeng
082 _aO111,1L88:g, K8
100 _aElledge W Paul
_960108
245 0 _aByron and the dynamics of metaphor
260 _aNashville
_bVanderbilt Univ Press
_c1968
300 _axi,155p.
_ccm.
650 _aENGLISH LITERATURE
942 _hO111,1L88:g, K8
_cTEXL
_2CC
999 _c168696
_d168696